00632nam a2200193Ia 4500008004100000020001800041082001500059100002100074245002500095250000800120260004100128300002300169500001900192600002100211650005000232942000700282952013200289999001700421240925s9999 xx 000 0 und d a9781305080195 a004.22 BUR aBurd, Stephen D. 0aSystems architecture a7th aAustralia:bCENGAGE Learningc,2016. a544p.b0fOriginal aIncludes Index aComputer Science aComputer science, information & general works cBK 001040708SEaUITUbUITUd2021-12-28eA. R. Book Companyg7560.00l0o004.22 BURpQ15483r2024-09-25 07:17:43w0000-00-00yBK c17982d17982